Bridge Management / (Record no. 11219)
[ view plain ]
| 000 -LEADER | |
|---|---|
| fixed length control field | 01390cam a22003494a 4500 |
| 001 - CONTROL NUMBER | |
| control field | 14347871 |
| 005 - DATE AND TIME OF LATEST TRANSACTION | |
| control field | 20081119093258.0 |
| 008 - FIXED-LENGTH DATA ELEMENTS--GENERAL INFORMATION | |
| fixed length control field | 060420s2007 njua b 001 0 eng |
| 010 ## - LIBRARY OF CONGRESS CONTROL NUMBER | |
| LC control number | 2006013363 |
| 015 ## - NATIONAL BIBLIOGRAPHY NUMBER | |
| National bibliography number | GBA694147 |
| Source | bnb |
| 016 7# - NATIONAL BIBLIOGRAPHIC AGENCY CONTROL NUMBER | |
| Record control number | 013595871 |
| Source | Uk |
| 020 ## - INTERNATIONAL STANDARD BOOK NUMBER | |
| International Standard Book Number | 0471691623 (cloth) |
| 020 ## - INTERNATIONAL STANDARD BOOK NUMBER | |
| International Standard Book Number | 9780471691624 (cloth) |
| 035 ## - SYSTEM CONTROL NUMBER | |
| System control number | (OCoLC)ocm67840166 |
| 035 ## - SYSTEM CONTROL NUMBER | |
| System control number | (OCoLC)67840166 |
| Canceled/invalid control number | (OCoLC)75713441 |
| -- | (OCoLC)85037615 |
| 040 ## - CATALOGING SOURCE | |
| Original cataloging agency | DLC |
| Transcribing agency | DLC |
| Modifying agency | BAKER |
| -- | BTCTA |
| -- | UKM |
| -- | C#P |
| -- | YDX |
| -- | YDXCP |
| -- | IXA |
| -- | OCLCQ |
| -- | DLC |
| 042 ## - AUTHENTICATION CODE | |
| Authentication code | pcc |
| 050 00 - LIBRARY OF CONGRESS CALL NUMBER | |
| Classification number | TG315 |
| Item number | .V36 2007 |
| 082 00 - DEWEY DECIMAL CLASSIFICATION NUMBER | |
| Classification number | 624.20288 |
| Edition number | 22 |
| Item number | YAN |
| 100 1# - MAIN ENTRY--PERSONAL NAME | |
| Personal name | Yanev, Bojidar. |
| 9 (RLIN) | 3315 |
| 245 10 - TITLE STATEMENT | |
| Title | Bridge Management / |
| Statement of responsibility, etc | Bojidar Yanev. |
| 260 ## - PUBLICATION, DISTRIBUTION, ETC. (IMPRINT) | |
| Place of publication, distribution, etc | Hoboken, N.J. : |
| Name of publisher, distributor, etc | Wiley, |
| Date of publication, distribution, etc | c2007. |
| 300 ## - PHYSICAL DESCRIPTION | |
| Extent | xv, 656 p. : |
| Other physical details | ill. ; |
| Dimensions | 25 cm. |
| 504 ## - BIBLIOGRAPHY, ETC. NOTE | |
| Bibliography, etc | Includes bibliographical references (p. 511-531) and index. |
| 650 #0 - SUBJECT ADDED ENTRY--TOPICAL TERM | |
| Topical term or geographic name as entry element | Bridges |
| General subdivision | Maintenance and repair. |
| 9 (RLIN) | 3316 |
| 650 #0 - SUBJECT ADDED ENTRY--TOPICAL TERM | |
| Topical term or geographic name as entry element | Bridge failures |
| General subdivision | Prevention. |
| 9 (RLIN) | 3317 |
| 650 #0 - SUBJECT ADDED ENTRY--TOPICAL TERM | |
| Topical term or geographic name as entry element | Bridges |
| General subdivision | Inspection. |
| 9 (RLIN) | 3318 |
| 856 41 - ELECTRONIC LOCATION AND ACCESS | |
| Materials specified | Table of contents only |
| Uniform Resource Identifier | <a href="http://www.loc.gov/catdir/toc/ecip0612/2006013363.html">http://www.loc.gov/catdir/toc/ecip0612/2006013363.html</a> |
| 942 ## - ADDED ENTRY ELEMENTS (KOHA) | |
| Source of classification or shelving scheme | Dewey Decimal Classification |
| Item type | Book - Borrowing |
| Withdrawn status | Item status | Source of classification or shelving scheme | Damaged status | Not for loan | Vendor | Home library | Current library | Shelving location | Date acquired | Source of acquisition | Cost, normal purchase price | Serial Enumeration / chronology | Total Checkouts | Total Renewals | Full call number | Barcode | Date last seen | Date last borrowed | Koha item type |
|---|---|---|---|---|---|---|---|---|---|---|---|---|---|---|---|---|---|---|---|
| Dewey Decimal Classification | Alahram | Central Library | Central Library | First floor | 07/04/2009 | 812.50 | 372 | 1 | 4 | 624.20288 YAN | 000015808 | 15/07/2025 | 28/09/2022 | Book - Borrowing |